000 00270nam a22001217a 4500
999 _c522815
_d522815
003 NUST
038 _aTanveer
082 _a954.9
_bMUB
245 _aHindustan Ki Kahani /
_cDr. Mubarak Ali
260 _aIslamabad
_bNBF
_c2009.
300 _a78p.
_c28cm.
942 _2ddc
_cBK